| 000 | 00563nam a2200205Ia 4500 | ||
|---|---|---|---|
| 003 | GCL | ||
| 008 | 140319s9999 xx 000 0 eng d | ||
| 040 |
_aGCL / _cGCL |
||
| 082 | 0 | 4 |
_aCC _b932 _bR E |
| 100 | 1 | _aRICE, MICHAEL | |
| 245 | 1 | 0 |
_aEGYPT'S MAKING (THE ORIGINS OF ANCIENT EGYPT 5000-2000 BC) / _cRICE, MICHAEL |
| 260 |
_a[S.N] : _bROUTLEDGE ، _c1991 |
||
| 300 | _a322 P | ||
| 650 | 0 | 4 | _aANCIENT EGYPT |
| 650 | 0 | 4 | _aEGYPTOLOGY |
| 650 | 0 | 4 | _aEGYPT HISTORY TO 332 B.C |
| 650 | 0 | 4 | _aEGYPT - HISTORY |
| 650 | 0 | 4 | _aEGYPT - CIVILIZATION |
| 942 |
_2ddc _cBK |
||
| 999 |
_c20712 _d20712 |
||